Index of specifications and standards / (Record no. 919087)

MARC details
000 -LEADER
fixed length control field 01586nam a2200409 a 4500
001 - CONTROL NUMBER
control field vtls001466776
003 - CONTROL NUMBER IDENTIFIER
control field NLI
005 - DATE AND TIME OF LATEST TRANSACTION
control field 20210627130253.0
008 - FIXED-LENGTH DATA ELEMENTS--GENERAL INFORMATION
fixed length control field 121201m1980uuuudcu i f000 0 eng
039 #9 - LEVEL OF BIBLIOGRAPHIC CONTROL AND CODING DETAIL [OBSOLETE]
-- 201212011837
-- VLOAD
040 ## - CATALOGING SOURCE
Original cataloging agency NLI
Language of cataloging eng
Transcribing agency Datasoft_FOD
Description conventions AACR2
041 0# - LANGUAGE CODE
Language code of text/sound track or separate title eng
044 ## - COUNTRY OF PUBLISHING/PRODUCING ENTITY CODE
MARC country code dcu
082 04 - DEWEY DECIMAL CLASSIFICATION NUMBER
Classification number 658.562
110 1# - MAIN ENTRY--CORPORATE NAME
Corporate name or jurisdiction name as entry element United States.
Subordinate unit Department of Defense
9 (RLIN) 706104
245 10 - TITLE STATEMENT
Title Index of specifications and standards /
Statement of responsibility, etc. United States Department of Defense
260 ## - PUBLICATION, DISTRIBUTION, ETC.
Place of publication, distribution, etc. Washington, D. C. :
Name of publisher, distributor, etc. The Departement,
Date of publication, distribution, etc. 1980-
300 ## - PHYSICAL DESCRIPTION
Extent -v. ;
Dimensions 27 cm.
310 ## - CURRENT PUBLICATION FREQUENCY
Current publication frequency Annual
Date of current publication frequency 1980-
500 ## - GENERAL NOTE
General note Library has Part. 2
505 0# - FORMATTED CONTENTS NOTE
Formatted contents note Part. 2. Numerical listing
550 ## - ISSUING BODY NOTE
Issuing body note Vols. for 1960, 1964- issued by: U.S. Dept. of Defense; 1961-1963 by: Armed Forces Supply Support Center (1962-1963 by its Defense Supply Agency).
650 #0 - SUBJECT ADDED ENTRY--TOPICAL TERM
Topical term or geographic name entry element Specifications
650 #0 - SUBJECT ADDED ENTRY--TOPICAL TERM
Topical term or geographic name entry element Standards, Engineering
651 #0 - SUBJECT ADDED ENTRY--GEOGRAPHIC NAME
Geographic name United States
General subdivision Armed Forces
-- Supplies and stores
-- Standards
9 (RLIN) 1019278
651 #0 - SUBJECT ADDED ENTRY--GEOGRAPHIC NAME
Geographic name United States
General subdivision Armed Forces
-- Supplies and stores
-- Standards
Form subdivision Indexes
9 (RLIN) 1019279
710 1# - ADDED ENTRY--CORPORATE NAME
Corporate name or jurisdiction name as entry element United States.
Subordinate unit Armed Forces Supply Support Center.
-- Standardization Division
9 (RLIN) 1019280
710 1# - ADDED ENTRY--CORPORATE NAME
Corporate name or jurisdiction name as entry element United States.
Subordinate unit Armed Forces Supply Support Center
9 (RLIN) 1019281
710 1# - ADDED ENTRY--CORPORATE NAME
Corporate name or jurisdiction name as entry element United States.
Subordinate unit Defense Supply Agency
9 (RLIN) 733866
740 02 - ADDED ENTRY--UNCONTROLLED RELATED/ANALYTICAL TITLE
Uncontrolled related/analytical title Numerical listing
887 ## - NON-MARC INFORMATION FIELD
Content of non-MARC field
901 ## - LOCAL DATA ELEMENT A, LDA (RLIN)
a AD 83135
b 16.08.2010
9 pt.2
902 ## - LOCAL DATA ELEMENT B, LDB (RLIN)
a U.S 658.562 Un 3
904 ## - LOCAL DATA ELEMENT D, LDD (RLIN)
l C 7894
949 ## - LOCAL PROCESSING INFORMATION (OCLC)
-- VIRTUAITEM
-- 10002
-- 100
6 FOD000083135ENG
9 pt.2
942 ## - ADDED ENTRY ELEMENTS (KOHA)
Source of classification or shelving scheme Dewey Decimal Classification
Koha item type Books
Holdings
Withdrawn status Lost status Damaged status Not for loan Collection code Home library Current library Shelving location Date acquired Total Checkouts Full call number Barcode Date last seen Price effective from Koha item type
          National Library of India National Library of India       U.S 658.562 Un 3 FOD000083135ENG 27/06/2021 27/06/2021 Books
                                                                           
web counter

Copyright ©2020 The National Library of India, Govt. of India ↔ Hosted by NVLI, MOC ↔ Technology and Design by National Library of India, Ministry of Culture, Govt. of India